INTEGRACIÓN DE SIMULADORES COMO RECURSOS DIDÁCTICOS EN LA ENSEÑANZA PARA LA ESTIMULACIÓN DEL APRENDIZAJE HACIA LA BIOLOGÍA, NIVEL SECUNDARIO, DISTRITO EDUCATIVO 16-02. AÑO 2024 / (Registro nro. 23931)
[ vista simple ]
| 000 -LEADER | |
|---|---|
| fixed length control field | 01320nam a22002657a 4500 |
| 003 - CONTROL NUMBER IDENTIFIER | |
| control field | DO-CoUTE |
| 005 - DATE AND TIME OF LATEST TRANSACTION | |
| control field | 20251016103436.0 |
| 008 - FIXED-LENGTH DATA ELEMENTS--GENERAL INFORMATION | |
| fixed length control field | 251016b dr ||||| |||| 00| 0 spa d |
| 040 ## - CATALOGING SOURCE | |
| Original cataloging agency | DO-CoUTE |
| Language of cataloging | spa |
| Transcribing agency | DO-CoUTE |
| 041 ## - LANGUAGE CODE | |
| Language code of text/sound track or separate title | spa |
| 092 ## - LOCALLY ASSIGNED DEWEY CALL NUMBER (OCLC) | |
| Classification number | MB 2024 A95 |
| 100 1# - MAIN ENTRY--PERSONAL NAME | |
| Personal name | Ayala Vásquez, José Miguel |
| Relator term | Sustentante |
| 245 10 - TITLE STATEMENT | |
| Title | INTEGRACIÓN DE SIMULADORES COMO RECURSOS DIDÁCTICOS EN LA ENSEÑANZA PARA LA ESTIMULACIÓN DEL APRENDIZAJE HACIA LA BIOLOGÍA, NIVEL SECUNDARIO, DISTRITO EDUCATIVO 16-02. AÑO 2024 / |
| Statement of responsibility, etc. | José Miguel Ayala Vásquez, Yorfi Antonio Santana Núñez ; asesor, Erika De los Santos |
| 260 ## - PUBLICATION, DISTRIBUTION, ETC. | |
| Place of publication, distribution, etc. | Cotuí, República Dominicana ; |
| Name of publisher, distributor, etc. | UTECO, |
| Date of publication, distribution, etc. | 2024 |
| 300 ## - PHYSICAL DESCRIPTION | |
| Extent | 212 paginas : |
| Other physical details | Imagenes ; |
| Dimensions | 23cm, |
| Accompanying material | + 1 CD-ROM |
| 502 ## - DISSERTATION NOTE | |
| Dissertation note | Trabajo PostGrado en (Biologia con Orientacion a la Enseñanza ) Universidad Tecnológica del Cibao Oriental, 2024.<br/> |
| 504 ## - BIBLIOGRAPHY, ETC. NOTE | |
| Bibliography, etc. note | Incluye referencia bibliográfica e índice.<br/> |
| 650 #4 - SUBJECT ADDED ENTRY--TOPICAL TERM | |
| Topical term or geographic name entry element | Integracion de simuladores |
| 700 1# - ADDED ENTRY--PERSONAL NAME | |
| Personal name | José Miguel Ayala Vásquez |
| Relator term | sustentante |
| 700 1# - ADDED ENTRY--PERSONAL NAME | |
| Personal name | Yorfi Antonio Santana Núñez |
| Relator term | sustentante |
| 700 1# - ADDED ENTRY--PERSONAL NAME | |
| Personal name | Erika De los Santos |
| Relator term | asesor |
| 830 ## - SERIES ADDED ENTRY--UNIFORM TITLE | |
| Uniform title | Tesis y disertaciones académicas (Universidad Tecnológica del Cibao Oriental) |
| 856 ## - ELECTRONIC LOCATION AND ACCESS | |
| Link text | Haga Click Aquí para Descargar en Texto Completo |
| 942 ## - ADDED ENTRY ELEMENTS (KOHA) | |
| Source of classification or shelving scheme | Dewey Decimal Classification |
| Koha item type | Tesis |
| Withdrawn status | Lost status | Source of classification or shelving scheme | Damaged status | Not for loan | Collection code | Home library | Current library | Shelving location | Date acquired | Inventory number | Total Checkouts | Full call number | Barcode | Date last seen | Copy number | Price effective from | Koha item type |
|---|---|---|---|---|---|---|---|---|---|---|---|---|---|---|---|---|---|
| Dewey Decimal Classification | e-Tesis (en CD) | Biblioteca UTECO | Biblioteca UTECO | En el Carrito | 10/16/2025 | 23931 | MB 2024 A95 | 23931 | 10/16/2025 | Ej.1 | 10/16/2025 | Tesis |
